000 01721nam a2200385 c 4500
999 _c117762
_d117762
003 BLK
005 20220721093131.0
008 180409b bul|||||r ||||||| ||bul||
010 _aKNG00123359000
040 _aBLK
041 _aBUL
_cBUL
080 _aСпециална библиография
_b016
_x:882
_z016:882
080 _aРуска литература
_b821.161.1
_x(01)
_z821.161.1(01)
100 1 _aАлександров, Васил
_eпърви автор
_gВутов, Васил Александров
_9367114
139 _aАлександров, Васил
_bА 51
245 1 0 _aСъветска художествена литература и литературна критика в България
_b1917 - 1944 : Библиогр.
_cсъстав. Васил Александров ; Ред. Стефан Кънчев
257 _aBGR
260 _aСофия
_bНар. библ. Кирил и Методий
_c1972
300 _a393 с.
_c24 см
380 _a0
500 _aОфс. изд 1 500 тир Показалци
650 4 _aЛитература - библиографии
_9277482
650 4 _aСъветска литература
_9280284
651 4 _aСССР
_9179592
653 _aбиблиографски указатели
653 _aсъветска литература
653 _aсъветски писатели
700 1 _aКънчев, Стефан
_eред.
_9315393
852 _aЦб 65717
_bЦб
856 4 _qpdf
856 4 _qpdf
942 _cKNG
_n0
_s1
944 _aCR
_c14.05.2011
_lдобави в АБ / 13.05.2011
_kРенета_Константинова
944 _aED
_c05.12.2011
_lдобави в АБ / 13.05.2011
944 _aED
_c2022-07-21
999 _d117762